| 000 | 00366nam a22001577a 4500 | ||
|---|---|---|---|
| 005 | 20160916110346.0 | ||
| 008 | 160916b xxu||||| |||| 00| 0 eng d | ||
| 020 | _a978-93-5014-229-5 | ||
| 041 | _aeng | ||
| 100 |
_aSHARMA,DR.SANJAY _93569 |
||
| 245 | _aSIGNALS AND SYSTEMS | ||
| 260 |
_bKATSON _c2015 |
||
| 300 | _a870 | ||
| 650 |
_aENGINEERING _93570 |
||
| 942 | _cBK | ||
| 999 |
_c5251 _d5249 |
||